00760nam a2200253 a 4500001001300000003000900013005001700022008004100039020000800080082001700088100001900105245005700124260004200181300000900223500003500232505001600267650003200283650001700315700001900332902000800351942000700359952012500366999001500491nice12345678IN_TiNIC20260116011604.0050524s1928 oxfa grp 000 0 eng  ac000a954.022bHAI aHaig, Wolseley aCambridge History of India, Vol.3, Turks and Afghans aOxfordbOxford University Pressc1928 a752p aincludes index and biblioraphy2 aIndex, Ill. aIndia-History Muslim Period aSind-History1 aHaig, Wolseley bSRS cBK 001040708StackRoom-aHMIbHMId2005-05-24g0.00l2o954.022 HAIp01953r2019-06-25s2019-06-25v0.00w2005-05-24yBK c2768d2768